| 000 | 00645nam a22001937a 4500 | ||
|---|---|---|---|
| 999 |
_c166697 _d166697 |
||
| 005 | 20190805145548.0 | ||
| 010 | _aUR-10342 | ||
| 020 |
_c250.00 _a9789388356305 |
||
| 035 | _aU-8897 | ||
| 037 | _bDBAD/PUB | ||
| 082 | _a840.08 | ||
| 100 | _aظفر حبيب | ||
| 245 |
_aفنکا ر ا ن بہا ر (خصہ د و م ) _cظفر حبيب |
||
| 246 |
_bFankaran-e-Bihar(Vol.2) (Urdu) _aby Zafar Habeeb |
||
| 260 |
_aDelhi _bEducational Publishing House _c2018 ء |
||
| 270 |
_a3191,Vakil Sreet Kucha Pandit Lal Kuan _bDelhi _e110006 _k23216162 _l- |
||
| 300 |
_a200 ص _c22 Cm(Hb) |
||
| 942 |
_2ddc _cUR _h840.08 _mظ ف ر |
||